Rozprávky 2 Sobotné večery Tiché papradie

Bibliographic Details
Main Author: Rúfus, Milan, 1928-2009 (Author)
Format: Book
Language:Slovak
PhysicalDescription:267 s. 21 cm
Published: Bratislava Silentium 2000
ISBN:8096827529
Subjects:

MARC

LEADER 00000nam a2200000 a 4500
001 vtls001387391
003 SK-MaSNL
005 20260301115715.0
008 240801s2000 xo rg 0 slo
015 |a SNBA2000/06-02092 
020 |a 8096827529 
035 |a SNK000341582 
035 |a urn:nbn:sk:snk-amkkzx 
035 |a urn:nbn:sk:snk-am008i7y 
035 |a BD1EF77A-E5CD-4D5D-841C-8F92C25F1AA5 
040 |a SNK  |b slo  |c SNK  |e AACR2 
041 0 |a slo 
044 |a xo  |c SK 
080 |a 885.4-1  |2 1981 
100 1 |a Rúfus, Milan,  |d 1928-2009  |4 aut  |9 108568 
245 1 0 |a Rozprávky  |n 2  |p Sobotné večery  |p Tiché papradie  |c Milan Rúfus 
260 |a Bratislava  |b Silentium  |c 2000 
300 |a 267 s.  |c 21 cm 
500 |a Ilustr. na tit. strane 
650 0 7 |a epické básne, slovenské  |2 SNK  |9 64730 
655 7 |a umelecká literatúra  |2 SNK  |9 60405 
852 |a Slovenská národná knižnica 
919 |a 80-968275-2-9 
954 |a beletria pôvodná (slovenská)  |2 lita 
958 |a TL 
958 |a LX 
999 |c 723242  |d 725172 
952 |a SNK  |b SNK  |y VYP  |7 0  |p 17A0236479  |o snkSC 101446/2 D1  |i snkKSP 4292/2000  |3 Obliata väzba knihy  |0 0  |1 0  |4 0  |d 2000-04-26  |l 0  |r 2005-01-02 00:00:00  |w 2026-02-23 
952 |a SNK  |b SNK  |y PREZ  |7 0  |p 17A0236478  |o snkSC 101446/2  |i snkKSP 4291/2000  |0 0  |1 0  |4 0  |d 2000-04-26  |f 1  |l 0  |r 2025-09-23 00:00:00  |w 2026-02-23